| 000 | 00645nam a2200193 a 4500 | ||
|---|---|---|---|
| 005 | 20210219160146.0 | ||
| 008 | 080918s2000 mx r 000 0 spa d | ||
| 035 | _aUPN01000159736 | ||
| 049 | _aUNE | ||
| 080 | _a351.852 (64) =20 COL | ||
| 245 | 0 | 0 | _aCollection of legislative texts concerning the protection of movable cultural property: Morocco. |
| 260 | _aParis : UNESCO, 1987 | ||
| 300 | _a11 p. | ||
| 440 | 0 | _aCollection of legislative texts; Morocco | |
| 500 | _aTÃtulo de la portada: The Protection of Movable Cultural Property | ||
| 690 | _aPatrimonio cultural- Legislacion- Marruecos | ||
| 710 | 2 | _aUNESCO | |
| 905 | _aUNESCO | ||
| 999 |
_c131850 _d131850 |
||